000 01197cam a2200337 a 4500
008 030521s2004 mauab b 001 0 eng
010 _a 2003054067
020 _a0072549386
040 _aDLC
_cDLC
_dDLC
050 0 0 _aGN766
_b.F43 2004
082 0 0 _a569.9
_221
092 0 4 _a569.9
_bF2931 2004
_221
099 _a04
_a569.9 F2931 2004
100 1 _aFeder, Kenneth L.
245 1 4 _aThe past in perspective :
_ban introduction to human prehistory /
_cKenneth L. Feder.
250 _a3rd ed.
260 _aBoston :
_bMcGraw-Hill,
_cc2004.
300 _axxii, 616 p. :
_bill. (some col.), col. maps ;
_c23 cm.
504 _aIncludes bibliographical references (p. 577-601) and index.
650 0 _aFossil hominids.
650 0 _aHuman evolution.
650 0 _aHuman remains (Archaeology)
650 0 _aPrehistoric peoples.
856 4 1 _3Table of contents
_uhttp://www.loc.gov/catdir/toc/mh041/2003054067.html
856 4 2 _3Publisher description
_uhttp://www.loc.gov/catdir/description/mh031/2003054067.html
902 _a1
905 _aGehan
_eRev.
905 _aJihan
_eCat.
942 _2ddc
_cBK
999 _c115913
_d115913